| 000 | 00350nam a2200145Ia 4500 | ||
|---|---|---|---|
| 008 | 191201s2013 xx 000 0 und d | ||
| 082 |
_a301 _bCNS |
||
| 100 | _aSHANKAR RAO,CN | ||
| 245 | 0 | _aSociology: Principles of Sociology | |
| 250 | _aRep | ||
| 260 |
_aN. delhi _bS Chand and Co. Ltd. _c2013 |
||
| 300 | _a924 | ||
| 650 | _aBBA | ||
| 942 |
_2ddc _cBK |
||
| 999 |
_c5548 _d5548 |
||